| Tag |
First Indicator |
Second Indicator |
Subfields |
| LEADER |
00000cam a2200000 a 4500 |
| 001 |
in00000075698 |
| 005 |
20151008053703.0 |
| 008 |
791003s1979 dcu b 00010 eng d |
| 010 |
|
|
|a 79063261
|
| 020 |
|
|
|a 0819107212
|
| 035 |
|
|
|a (OCoLC)05462676
|
| 035 |
|
|
|9 AAH8295AM
|
| 040 |
|
|
|a IEA
|c IEA
|d TXA
|d UtOrBLW
|
| 043 |
|
|
|a f-lb---
|
| 049 |
|
|
|a TXAM
|c [1328904]
|
| 090 |
|
|
|a HN835.Z9
|b S634
|
| 100 |
1 |
|
|a Hlophe, Stephen S.
|
| 245 |
1 |
0 |
|a Class, ethnicity and politics in Liberia :
|b a class analysis of power struggles in the Tubman and Tolbert administrations from 1944-1975 /
|c Stephen S. Hlophe.
|
| 264 |
|
1 |
|a Washington, D.C. :
|b University Press of America,
|c [1979]
|
| 264 |
|
4 |
|c ©1979
|
| 300 |
|
|
|a 317 pages ;
|c 23 cm.
|
| 336 |
|
|
|a text
|b txt
|2 rdacontent
|
| 337 |
|
|
|a unmediated
|b n
|2 rdamedia
|
| 338 |
|
|
|a volume
|b nc
|2 rdacarrier
|
| 504 |
|
|
|a Bibliography: pages 285-299.
|
| 650 |
|
0 |
|a Social classes
|z Liberia.
|
| 650 |
|
0 |
|a Ethnicity.
|
| 651 |
|
0 |
|a Liberia
|x Politics and government.
|
| 999 |
|
|
|a MARS
|
| 999 |
f |
f |
|s 7e6c4dc3-0d13-3595-9787-7cc7cdc8264e
|i 8f7e2bf2-ebd1-3153-ac40-f4f9e3631504
|t 0
|
| 952 |
f |
f |
|p ric
|a Texas A&M University
|b Rellis Campus
|c Joint Library Facility
|d Remote Storage
|t 0
|e HN835.Z9 S634
|h Library of Congress classification
|i unmediated -- volume
|m A14806141267
|
| 998 |
f |
f |
|a HN835.Z9 S634
|t 0
|l Remote Storage
|